00663nam a22001817a 4500999001900000005001700019010001500036020002600051035001400077037001300091082000600104245005300110260003600163270011300199300002400312942002000336952012500356 c168847d16884720191030113641.0 aENG-126728 a9788126047499c100.00 aEN-110260 bDBAD/PUB aS aSirshendu mikhopadhyay :bselected short stories aNew DelhibSahitya Akadmic2016 aRabindra Bhavanb 35, Ferozshah Road,New Delhie110001k011-23386626/27/28msecretary@sahitya.akademi.gov.in axi;111p.c22cm(pbk) 2ddccENhSmSIR 001040708FICaLbLd2019-10-30eDBAD/PUBg100.00l3oS SIRpEN-110260r2022-09-26 00:00:00s2022-09-02t1v100.00yEN